Pays européens sans A - Statistiques

Statistiques générales
  • Ce quiz a été pris 312 fois
    289 depuis la dernière actualisation
  • Le résultat moyen est 17 sur 19
Statistiques - réponses
Réponse % Correct
Suède
96%
Belgique
95%
Russie
94%
Lettonie
92%
Norvège
92%
Estonie
91%
Hongrie
91%
Pologne
91%
Suisse
91%
Luxembourg
89%
Slovénie
89%
Biélorussie
88%
Grèce
88%
Serbie
86%
Liechtenstein
84%
Kosovo
83%
République tchèque
80%
Monténégro
79%
Bosnie-Herzégovine
75%
Aucun quiz correspondant
Distribution des résultats
% des personnes avec chaque résultat
Percentile par nombre de réponses
Votre historique - résultats
Vous n’avez pas pris ce quiz depuis la dernière actualisation